000
00313nam a2200133Ia 4500
005
20251222143240.0
008
251222s9999||||xx |||||||||||||| ||spa||
020
_a
88-7033-385-X
082
_a
868.32/C48T
100
_a
Cervantes Saavedra, Miguel de
245
0
_a
Intermezzi
264
_b
Lucarini
942
_c
LIB
999
_c
14532
_d
14532